Statistics for Sweets and chocolate by picture

Click here to take the quiz!

General Stats

  • This quiz has been taken 519 times
  • The average score is 6 of 12

Answer Stats

Answer% Correct
Gummy bears
87%
Jellybeans
85%
KitKat
85%
Candy cane
83%
Toblerone
75%
Cola bottles
57%
Marshmallows
57%
Fried Eggs
38%
Love hearts
21%
Yorkies
8%
Rainbow Lollipop
3%
Feasts
2%

Score Distribution

Percentile by Number Answered

Percent of People with Each Score

Your Score History

You have not taken this quiz